MARC

Tag First Indicator Second Indicator Subfields
LEADER 00000cam a2200000 a 4500
001 in00000007252
005 20230718113132.0
008 870320s1987 ne a b 100 0 eng
010 |a  87070780  
015 |a GB8722464  |2 bnb 
016 7 |a B8722281  |2 bccb 
016 7 |a 005962125  |2 Uk 
019 |a 15664422  |a 1110400545  |a 1191397208 
020 |a 0905451899 
020 |a 9780905451893 
020 |a 0931215870  |q (Computational Mechanics Publications) 
020 |a 9780931215872  |q (Computational Mechanics Publications) 
020 |a 0444989560 
020 |a 9780444989567 
020 |a 0444416625  |q (series) 
020 |a 9780444416629  |q (series) 
029 1 |a AU@  |b 000005307050 
029 1 |a DEBBG  |b BV004346011 
029 1 |a GBVCP  |b 01805367X 
029 1 |a NZ1  |b 5000986 
029 1 |a UKMGB  |b 005962125 
035 |a (OCoLC)ocm17261227  
035 |a (OCoLC)17261227  |z (OCoLC)15664422  |z (OCoLC)1110400545  |z (OCoLC)1191397208 
035 |a (OCoLC)ocm17261227  
040 |a DLC  |b eng  |c DLC  |d OCL  |d NLGGC  |d BTCTA  |d LVB  |d YDXCP  |d TEF  |d DEBBG  |d BDX  |d GBVCP  |d OCLCO  |d OCLCF  |d OCLCQ  |d UKM  |d BAKER  |d CUS  |d OCLCO  |d OCLCQ  |d OCL  |d OCLCO  |d OCLCQ  |d CSJ  |d OCLCQ  |d CPO  |d UKMGB  |d OCLCO  |d OCL 
050 0 0 |a TA710  |b .G76 1987 
082 0 0 |a 624.1/513  |2 19 
082 0 4 |a 624.1/762  |2 19 
084 |a 38  |a 31  |2 sdnb 
084 |a 38.38  |2 bcl 
084 |a 56.20  |2 bcl 
245 0 0 |a Ground motion and engineering seismology /  |c edited by A.S. Cakmak. 
260 |a Amsterdam ;  |a New York :  |b Elsevier ;  |a Southampton ;  |a Boston :  |b Computational Mechanics Publications ;  |a New York :  |b Distributors for the United States and Canada, Elsevier Science Pub. Co.,  |c 1987. 
300 |a 621 pages :  |b illustrations ;  |c 24 cm. 
336 |a text  |b txt  |2 rdacontent 
337 |a unmediated  |b n  |2 rdamedia 
338 |a volume  |b nc  |2 rdacarrier 
490 1 |a Developments in geotechnical engineering ;  |v 44 
500 |a "Papers selected from those presented at the 3rd International Conference on Soil Dynamics and Earthquake Engineering, held at Princeton University, Princeton, New Jersey, USA, June 22-24, 1987"--Preface. 
504 |a Includes bibliographical references. 
540 |a Current copyright fee: GBP32.84  |c 5 1.  |5 Uk 
650 0 |a Soil dynamics  |v Congresses. 
650 0 |a Engineering geology  |v Congresses. 
650 0 |a Earthquake engineering  |v Congresses. 
650 0 |a Seismology  |v Congresses. 
650 4 |a Génie parasismique - Congrès. 
650 4 |a Géologie appliquée - Congrès. 
650 4 |a Géotechnique - Congrès. 
650 4 |a Sismologie - Congrès. 
650 4 |a Sols - Dynamique - Congrès. 
650 6 |a Sols  |x Dynamique  |v Congrès. 
650 6 |a Géotechnique  |v Congrès. 
650 6 |a Génie parasismique  |v Congrès. 
650 6 |a Géologie appliquée  |v Congrès. 
650 6 |a Sismologie  |v Congrès. 
650 7 |a Seismology.  |2 fast  |0 (OCoLC)fst01111306 
650 7 |a Earthquake engineering.  |2 fast  |0 (OCoLC)fst00900825 
650 7 |a Engineering geology.  |2 fast  |0 (OCoLC)fst00910529 
650 7 |a Soil dynamics.  |2 fast  |0 (OCoLC)fst01124362 
653 |a Soils & rocks  |a Mechanics - For engineering 
655 7 |a Conference papers and proceedings.  |2 fast  |0 (OCoLC)fst01423772 
700 1 |a Cakmak, A. S. 
711 2 |a International Conference on Soil Dynamics and Earthquake Engineering  |n (3rd :  |d 1987 :  |c Princeton University) 
776 0 8 |i Online version:  |t Ground motion and engineering seismology.  |d Amsterdam ; New York : Elsevier ; Southampton ; Boston : Computational Mechanics Publications ; New York : Distributors for the United States and Canada, Elsevier Science Pub. Co., 1987  |w (OCoLC)742479635 
830 0 |a Developments in geotechnical engineering ;  |v 44. 
856 |3 1850-9999  |u http://www.elsevier.com/journals  |x BLDSS 
938 |a Baker & Taylor  |b BKTY  |c 272.00  |d 272.00  |i 0444989560  |n 0001262192  |s active 
938 |a Brodart  |b BROD  |n 39016315  |c $208.50 
938 |a Baker and Taylor  |b BTCP  |n 87070780 
938 |a YBP Library Services  |b YANK  |n 1093202 
948 |h HELD BY TXA - 184 OTHER HOLDINGS 
994 |a Z0  |b TXA 
999 f f |s 9a919d4f-3fcc-3d57-b984-03d7dc2eaac1  |i 9d638209-1e74-322b-94ec-af30f4384c92  |t 0 
952 f f |p ric  |a Texas A&M University  |b Rellis Campus  |c Joint Library Facility  |d Remote Storage  |t 0  |e TA710 .G754 1987  |h Library of Congress classification  |i unmediated -- volume  |m A14810998472 
998 f f |a TA710 .G754 1987  |t 0  |l Remote Storage